Animaux d'Afrique par images - Statistiques

Statistiques générales
  • Ce quiz a été pris 5 453 fois
    3 977 depuis la dernière actualisation
  • Le résultat moyen est 21 sur 28
Statistiques - réponses
Par images Réponse % Correct
Éléphant
100%
Lion
100%
Girafe
99%
Zèbre
99%
Crocodile du Nil
98%
Gorille
98%
Hippopotame
98%
Rhinocéros
97%
Autruche
95%
Hyène
93%
Guépard
91%
Phacochère
87%
Chimpanzé
83%
Fennec
80%
Suricate
80%
Buffle d'Afrique
79%
Lémur catta
78%
Gazelle de Thomson
75%
Vautour oricou
70%
Gnou
67%
Okapi
54%
Lycaon
47%
Bonobo
42%
Mandrill
40%
Grue royale
35%
Chacal à chabraque
32%
Marabout d'Afrique
25%
Oryx
25%
Aucun quiz correspondant
Distribution des résultats
% des personnes avec chaque résultat
Percentile par nombre de réponses
Votre historique - résultats
Vous n’avez pas pris ce quiz depuis la dernière actualisation